000 01502cam a22004934i 4500
003 PE-LiUPU
005 20250731184521.0
008 150617s r 000 0 d
035 _a(Sirsi) a18736
040 _aPE-LiUPU
_bspa
_cPE-LiUPU
_erda
049 _aPRUA
082 0 4 _a985.008
_bP45
_221
110 2 _aPerú. Biblioteca Nacional
245 1 0 _aMercurio Peruano 1793.
_n9.
264 1 _aLima :
_bBiblioteca Nacional del Perú,
_c1966.
300 _a contables plegadas
300 _a284 páginas
336 _atext
_2rdacontent
337 _aunmediated
_2rdamedia
338 _avolume
_2rdacarrier
500 _aEdición facsimilar.
505 0 _aMercurio Peruano; 1793.
526 _aP136
526 _aP135
526 _aP134
526 _aP133
526 _aP144
526 _aP143
526 _aP87
526 _aP35
526 _aP20
526 _aP14
526 _aP10
526 _aP06
650 0 4 _aMercurio Peruano.
650 0 4 _aPeriódicos peruanos
_ySiglo XVIII.
910 _ajck
_bjvq
_cjck
_d20150616
942 _2ddc
_cBOOK
949 _a985.008 P45 9
_wDEWEY
_c1
_i21681
_lCCODEBUL1
_mBUL
_p00.00
_r0
_sY
_tBOOK
_u19830430
_xEDUCACION
_zUNKNOWN
_0COMPRA
_o.STAFF. Colección General
994 _aC0
_bPEPRU
596 _a1
999 _a985.008 P45 9
_wDEWEY
_c18460
_i21681
_f2021-11-8
_g5
_lCCODEBUL1
_mBUL
_r0
_sY
_tBOOK
_u2015-6-17
_xBIBLIOTECA
_zUNKNOWN
_0COMPRA
_o.STAFF. Colección General
_d18460
980 _81
_gALBERTO SANCHEZ Responsable de Automatización